Destino: la Plaza Roja

Kaydedildi:
Detaylı Bibliyografya
Yazar: Villanes Cairo, Carlos (Yazar)
Materyal Türü: Kitap
Dil:İspanyolca
Baskı/Yayın Bilgisi: Madrid Ediciones SM 1994
Edisyon:7a. ed
Seri Bilgileri:Colección Gran Angular, 88
Konular:
Etiketler: Etiketle
Etiket eklenmemiş, İlk siz ekleyin!

MARC

LEADER 00000nam a2200000 a 4500
001 UCH5607
003 CL-VaPUC
008 091014e19940000SP |||||||||||||||||spa|d
020 |a 8434825023 
082 0 4 |a Pe863  |b VIL  |2 21 
100 0 |a Villanes Cairo, Carlos  |e author  |9 541883 
245 1 0 |a Destino: la Plaza Roja 
250 |a 7a. ed 
300 |a 155 p 
942 |c BK 
945 |d 20091014 00:00:00  |a lazolas 
260 |a Madrid  |b Ediciones SM  |c 1994 
650 7 |a NOVELAS PERUANAS  |2 CL-VaPUC  |9 541884 
650 0 |a Cuentos peruanos  |9 317609 
650 0 |a Literatura peruana  |9 257452 
650 0 |a Literatura juvenil   |9 309909 
583 |a last modification  |c 20091014 00:00:00  |k Rodrigo Vera 
490 0 |a Colección Gran Angular, 88 
999 |c 336717  |d 336715